000 00259nam a2200109Ia 4500
008 190913s9999||||xx |||||||||||||| ||und||
100 _a Gregory J. Feist
245 0 _aTheories of Personality
260 _aUSA
_b McGraw Hill
_c1990
300 _a158
942 _cBK
999 _c8155
_d8155